000 00782nam a22002177a 4500
003 UA-OsUOA
001 117016
007 ta
008 20160420b un ||||| |||| 00| 0 ukr d
100 _aЛубенченко О.Е.
090 _a657
_bЛ82
942 _cSA
040 _aUA-OsUOA
_bukr
_cUA-OsUOA
_dUA-OsUOA
245 _aВизначення факторів, що впливають на оцінку привабливості суб'єктів аудиту при наданні супутніх послуг
300 _aС.69-75
955 _a0
041 _aukr
080 _a657
773 0 _w117008
_tСтатистика України
_dК.
_d2015
_g4
650 7 _a657 Бухгалтерія. Бухгалтерський облік. Рахівництво
_2UDC
999 _c402995
_d402995